Building Design and Construction Handbook

Salvato in:
Dettagli Bibliografici
Natura: Libro
Lingua:English
Pubblicazione: McGraw- Hill,Inc 1994
Soggetti:
Tags: Aggiungi Tag
Nessun Tag, puoi essere il primo ad aggiungerne! !
Thư viện lưu trữ: Mạng thư viện Đại học Đà Nẵng
LEADER 01003nam a2200313 a 4500
001 000003390
003 00050
005 20171229145311.0
008 171229s1994 eng
020 |a 0-07-041596-X 
040 |a LSK 
041 0 |a ENG 
082 0 |a 690  |b Me-S 
245 0 0 |a Building Design and Construction Handbook  |c Editor: Frederick S. Meritt , Jonathan T. Ricketts 
260 |b McGraw- Hill,Inc  |c 1994 
300 |a 1445 pages  |c 23 cm 
653 |a Construction - Handbook 
852 |a Phòng Đọc 
901 |a 1 
927 |a Sách tham khảo 
OWN |a LSK 
AVA |a UDN50  |b LSK  |d 690 Me-S  |e available  |t Error 5001 Not defined in file expand_doc_bib_avail.  |f 1  |g 0  |h N  |i 0  |k 1 
999 |a From the UDN01 
AVA |a UDN50  |b LSK  |d 690 Me-S  |e available  |t Error 5001 Not defined in file expand_doc_bib_avail.  |f 1  |g 0  |h N  |i 0  |k 1 
TYP |a Monograph 
TYP |a Printed language 
980 |a Mạng thư viện Đại học Đà Nẵng